|
|
|
|
| LEADER |
01185nam a2200265 a 4500 |
| 001 |
16837853 |
| 008 |
121203s2011 bg a bs 001 0 eng |
| 010 |
|
|
|a 2011323819
|
| 020 |
|
|
|a 9789843333124
|
| 040 |
|
|
|a DLC
|c DLC
|d DLC
|d BD-DhAAL
|
| 082 |
0 |
0 |
|a 370.954922
|2 22
|
| 245 |
0 |
0 |
|a Exploring low performance in education :
|b the case of Sylhet division /
|c research team, Samir Ranjan Nath ... [at. el. ] ; reviewers, Manzoor Ahmed ... [at. el. ] ;editors, A.M.R. Chowdhury, Rasheda K. Choudhury.
|
| 260 |
|
|
|a Dhaka :
|b Campaign for Population for Popular Education (CAMPE),
|c 2011.
|
| 300 |
|
|
|a xxx, 197 p. :
|b ill. ;
|c 28 cm.
|
| 500 |
|
|
|a Includes statistical tables.
|
| 504 |
|
|
|a Includes bibliographical references and index.
|
| 541 |
|
|
|e 00026319
|
| 650 |
|
0 |
|a Education
|z Bangladesh
|z Sylhet
|
| 700 |
1 |
|
|a Nath, Samir R.
|
| 700 |
1 |
|
|a Chowdhury, A. M. Raza.
|
| 700 |
1 |
|
|a Choudhury, Rasheda K.
|
| 710 |
2 |
|
|a Campaign for Popular Education (Organization)
|
| 852 |
1 |
|
|a Ayesha Abed Library
|j General shelf.
|
| 999 |
|
|
|c 12988
|d 12988
|
| 952 |
|
|
|0 0
|1 0
|4 0
|6 370_954922000000000_EXP
|7 0
|9 21501
|a BRACUL
|b BRACUL
|c GEN
|d 2012-12-05
|l 0
|o 370.954922 EXP
|p 3010026319
|r 2012-12-05
|t 1
|w 0000-00-00
|y BK
|x Available
|